000 00681nam a2200265Ia 4500
001 dia_60
003 CHAP
005 20221202134818.0
008 220117s1992 xx 000 0 und d
010 _a170493
020 _a84-87440-33-9
040 _cCHAP
082 _a637 C46
100 _aCenzano, I.
_921291
245 _aLos quesos /
_c I. Cenzano /
_cleche
260 _aMadrid, EspaƱa :
_b Mundi Prensa,
_c1992
300 _a227 p.
503 _aI.207964
650 _aQueso
_993221
650 _aQueso procesado
_9140124
901 _a637 C46
902 _aM
905 _a0000001992 sp A 0000000000spa00
942 _cLIBRO
_2ddc
999 _c170493
_d170493